AH International Schools' Libraries

From Morning to Night / (Record no. 47955)

MARC details
000 -LEADER
fixed length control field 00361nam a22001217a 4500
008 - FIXED-LENGTH DATA ELEMENTS--GENERAL INFORMATION
fixed length control field 241126b |||||||| |||| 00| 0 eng d
020 ## - INTERNATIONAL STANDARD BOOK NUMBER
International Standard Book Number 9781616896157
100 ## - MAIN ENTRY--PERSONAL NAME
Personal name Flavia Ruotolo
9 (RLIN) 85761
245 ## - TITLE STATEMENT
Title From Morning to Night /
Statement of responsibility, etc Flavia Ruotolo
260 ## - PUBLICATION, DISTRIBUTION, ETC. (IMPRINT)
Place of publication, distribution, etc New York
Name of publisher, distributor, etc Princeton Architectural Press
Date of publication, distribution, etc 2018
300 ## - PHYSICAL DESCRIPTION
Extent 36 p
Other physical details col. ill.
Dimensions 26 cm.
942 ## - ADDED ENTRY ELEMENTS (KOHA)
Source of classification or shelving scheme
Koha item type Book
Holdings
Withdrawn status Lost status Source of classification or shelving scheme Damaged status Not for loan Collection code Home library Current library Shelving location Date acquired Full call number Barcode Date last seen Price effective from Koha item type
          Siem Riep Asian Hope Siem Reap Asian Hope Siem Reap Easy Reading 11/26/2024 E RUO 207706 11/26/2024 11/26/2024 Book

For any Logos Library related questions please contact Miss Art at swongnarasuk@asianhope.org.

For any Asian Hope Library related questions please contact Miss Raza at graza@asianhope.org.

Powered by Koha